00488nam a2200193 a 4500001001300000003000900013005001700022008004100039020001000080082001600090100001900106245002400125260003400149300000800183500003500191505002200226650002700248700001900275nice12345678IN_TiNIC20260116011532.0050524s0000 siaa grp 000 0 urd  ac10000a232.9bKHA1 aKhan, Barkat A aSalamti Ka Shahzada aSialkotebBarkat a Khanc0000 a64p aincludes index and biblioraphy2 aill, bibliography aJesus Christ-Biography1 aKhan, Barkat A